Random Spanish Words #2 - Statistics

General Stats
  • This quiz has been taken 824 times
    806 since last reset
  • The average score is 18 of 24
Answer Stats
Hint Answer % Correct
Hombre Man
97%
Padre Father
96%
Libro Book
95%
Ojo Eye
92%
Pescado Fish
92%
Manzana Apple
90%
Huevos Eggs
90%
Mujer Woman
89%
Mano Hand
87%
Mesa Table
85%
Ropa Clothes
80%
Maiz Corn
80%
Pelo Hair
80%
Carro Car
75%
Gratis Free
75%
Nariz Nose
74%
Dedo Finger
67%
Papa Potato
62%
Bota Boot
60%
Pelota Ball
58%
Caja Box
54%
Sandia Watermelon
54%
Pluma Pen
52%
Libra Pound
33%
No matching quizzes found
Score Distribution
Percent of People with Each Score
Percentile by Number Answered
Your Score History
You have not taken this quiz since the last reset